[Event "I Festival Capo d'Orso"]
[Site "Portomannu - Palau ITA"]
[Date "2007.05.20"]
[Round "2"]
[White "Radice, Luca"]
[Black "Baracca, Paolo"]
[Result "1/2-1/2"]
[WhiteElo "2070"]
[BlackElo "1894"]
[PlyCount "88"]
[EventDate "2007.05.19"]

1. d4 Nf6 2. c4 g6 3. Nc3 Bg7 4. e4 d6 5. f4 O-O 6. Nf3 Na6 7. e5 dxe5 8. fxe5
Nd7 9. c5 c6 10. Bc4 Nc7 11. Bg5 Kh8 12. h4 h5 13. Qc2 Nb8 14. O-O-O Nd5 15.
Nxd5 cxd5 16. Bd3 Qe8 17. Rde1 Nc6 18. a3 Bg4 19. Be3 b6 20. Kb1 bxc5 21. Qxc5
Qd7 22. Rc1 Rfc8 23. Ng5 Nd8 24. Qa5 Bf5 25. Qd2 f6 26. Nf3 Nc6 27. exf6 Bxf6
28. Ka2 Rab8 29. Bxf5 Qxf5 30. Rhf1 Qg4 31. Rfd1 a5 32. Rc5 Qd7 33. Rdc1 Kg7
34. Bh6+ Kh7 35. Bg5 Qb7 36. Bxf6 exf6 37. Re1 Rc7 38. Re2 Qb6 39. Qc3 a4 40.
Ka1 Rbc8 41. Rc2 Kg7 42. Nh2 Kf8 43. Kb1 Qa6 44. Ka2 Qb6 1/2-1/2

[Event "I Festival Capo d'Orso"]
[Site "Portomannu - Palau ITA"]
[Date "2007.05.20"]
[Round "2"]
[White "Rombaldoni, Axel"]
[Black "Popa, Claudiu"]
[Result "1-0"]
[WhiteElo "2221"]
[BlackElo "2167"]
[PlyCount "71"]
[EventDate "2007.05.19"]

1. e4 e5 2. Nf3 Nc6 3. Bb5 g6 4. O-O Bg7 5. c3 d6 6. d4 Bd7 7. Re1 Nge7 8. d5
Nb8 9. Qb3 Qc8 10. Bg5 f6 11. Be3 O-O 12. Bxd7 Nxd7 13. c4 b6 14. Qc2 a5 15.
Nc3 h6 16. Nd2 f5 17. f3 f4 18. Bf2 g5 19. a3 Nf6 20. b4 axb4 21. axb4 Qd7 22.
c5 bxc5 23. bxc5 Rfb8 24. Nc4 Rxa1 25. Rxa1 Nc8 26. Rb1 Rxb1+ 27. Qxb1 Bf8 28.
c6 Qd8 29. Qb8 Be7 30. Nb5 Ne8 31. Na5 Nb6 32. Qxd8 Bxd8 33. Nb7 Be7 34. Bxb6
cxb6 35. c7 Nxc7 36. Nxc7 1-0

[Event "I Festival Capo d'Orso"]
[Site "Portomannu - Palau ITA"]
[Date "2007.05.20"]
[Round "2"]
[White "Steingrimsson, Hedinn"]
[Black "Ortega, Lexy"]
[Result "1-0"]
[WhiteElo "2482"]
[BlackElo "2425"]
[PlyCount "61"]
[EventDate "2007.05.19"]

1. d4 d5 2. c4 c6 3. Nf3 Nf6 4. Nc3 e6 5. Bg5 Nbd7 6. cxd5 exd5 7. e3 Be7 8.
Qc2 O-O 9. Bd3 Re8 10. h3 Nf8 11. O-O Bd6 12. Rae1 Bd7 13. e4 dxe4 14. Nxe4 Be7
15. Nc5 Bxc5 16. dxc5 h6 17. Bh4 Rxe1 18. Rxe1 Be6 19. Rd1 Bd5 20. Nd4 N8d7 21.
b4 a5 22. a3 axb4 23. axb4 Ne5 24. Nf5 Ra2 25. Qc3 Ng6 26. Nxh6+ Kf8 27. Bxg6
fxg6 28. Ng4 Qe7 29. Re1 Re2 30. Rxe2 Qxe2 31. Bxf6 1-0

[Event "I Festival Capo d'Orso"]
[Site "Portomannu - Palau ITA"]
[Date "2007.05.20"]
[Round "2"]
[White "Ziegler, Ari"]
[Black "Cocchi, Andrea"]
[Result "1-0"]
[WhiteElo "2335"]
[BlackElo "2321"]
[PlyCount "80"]
[EventDate "2007.05.19"]

1. d4 Nf6 2. Nf3 b5 3. e3 a6 4. a4 b4 5. c4 e6 6. Bd3 Bb7 7. Nbd2 c5 8. O-O d6
9. b3 Be7 10. Bb2 Nbd7 11. Qe2 Qc7 12. Ne1 O-O-O 13. f4 e5 14. fxe5 dxe5 15. d5
Rdf8 16. Nef3 g6 17. e4 Nh5 18. g3 Kb8 19. Rf2 Bc8 20. Raf1 Rhg8 21. Kg2 f6 22.
Nh4 Ng7 23. Ndf3 Nb6 24. Bc1 g5 25. Nf5 Bxf5 26. exf5 Ne8 27. Be3 Nd6 28. Nd2
g4 29. Bh6 Re8 30. Ne4 Nxe4 31. Bxe4 Nc8 32. d6 Bxd6 33. Bd5 Rh8 34. Qxg4 Ne7
35. Bf3 Nc6 36. Qe4 Rc8 37. Rd2 Rhd8 38. Rfd1 Kb7 39. Bf8 Rxf8 40. Rxd6 Rf7 1-0

[Event "I Festival Capo d'Orso"]
[Site "Portomannu - Palau ITA"]
[Date "2007.05.20"]
[Round "2"]
[White "Zoldan, Matteo"]
[Black "Agrifoglio, Fabio"]
[Result "1-0"]
[WhiteElo "2121"]
[BlackElo "2000"]
[PlyCount "69"]
[EventDate "2007.05.19"]

1. e4 e6 2. d4 d5 3. Nc3 Nf6 4. Bg5 Be7 5. e5 Nfd7 6. Bxe7 Qxe7 7. f4 a6 8. Nf3
b6 9. Bd3 c5 10. O-O Nc6 11. a3 Bb7 12. Kh1 O-O-O 13. dxc5 bxc5 14. b3 g5 15.
Qe2 g4 16. Nd2 Nd4 17. Qxg4 f5 18. exf6 Qxf6 19. Ne2 Rdg8 20. Qh3 Nb5 21. c4
Nd6 22. cxd5 exd5 23. Rac1 c4 24. bxc4 d4 25. Ng3 h5 26. c5 Rg4 27. cxd6+ Kd8
28. Be4 Bc8 29. Bf5 Qg7 30. Rc7 a5 31. Rfc1 Ba6 32. Rxd7+ Qxd7 33. Bxd7 Kxd7
34. Nxh5 Be2 35. Nf6+ 1-0

[Event "I Festival Capo d'Orso"]
[Site "Portomannu - Palau ITA"]
[Date "2007.05.21"]
[Round "3"]
[White "Aagaard, Jacob"]
[Black "Steingrimsson, Hedinn"]
[Result "0-1"]
[WhiteElo "2477"]
[BlackElo "2482"]
[PlyCount "98"]
[EventDate "2007.05.19"]

1. e4 c6 2. d4 d5 3. Nc3 dxe4 4. Nxe4 Bf5 5. Ng3 Bg6 6. h4 h6 7. Nf3 Nd7 8. h5
Bh7 9. Bd3 Bxd3 10. Qxd3 e6 11. Bf4 Qa5+ 12. Bd2 Bb4 13. c3 Be7 14. c4 Qc7 15.
O-O-O Ngf6 16. Kb1 O-O 17. Rde1 b5 18. c5 Rfd8 19. Qc2 a5 20. Ne2 Ng4 21. Bf4
Qb7 22. Ng3 Ndf6 23. Ne4 Nxe4 24. Rxe4 Rd5 25. Ne5 Nxe5 26. Bxe5 f6 27. Bg3 Qd7
28. Qe2 Bf8 29. f3 a4 30. a3 b4 31. axb4 a3 32. Be1 axb2 33. Qxb2 f5 34. Re3 e5
35. Qb3 exd4 36. Re5 Qa7 37. Rxd5 cxd5 38. Kc1 Kh8 39. Bd2 Bxc5 40. Re1 Rb8 41.
Re5 Bxb4 42. Qxd5 Bxd2+ 43. Kxd2 Rb2+ 44. Kd3 Qa3+ 45. Kxd4 Rd2+ 46. Kc4 Qa2+
47. Kc5 Rxd5+ 48. Rxd5 Qxg2 49. Rxf5 Qc2+ 0-1

[Event "I Festival Capo d'Orso"]
[Site "Portomannu - Palau ITA"]
[Date "2007.05.21"]
[Round "3"]
[White "Agrifoglio, Fabio"]
[Black "Bondielli, Giorgio"]
[Result "1-0"]
[WhiteElo "2000"]
[BlackElo "1987"]
[PlyCount "111"]
[EventDate "2007.05.19"]

1. d4 f5 2. g3 Nf6 3. h4 g6 4. h5 Nxh5 5. Rxh5 gxh5 6. e4 d6 7. Qxh5+ Kd7 8.
exf5 c6 9. Bd3 Kc7 10. Nc3 Nd7 11. Bf4 Nf6 12. Qe2 h5 13. Nf3 Bh6 14. Bxh6 Rxh6
15. O-O-O Bd7 16. Re1 Qg8 17. Qd2 Rh7 18. Nh4 Qg4 19. Be2 Qg7 20. Bf3 Re8 21.
Ne4 Nxe4 22. Bxe4 Qh6 23. Bd3 Qxd2+ 24. Kxd2 Rf7 25. Be2 Rh7 26. Bd3 Rf7 27.
Bc4 d5 28. Be2 Rh7 29. Bd3 Rf7 30. Re5 e6 31. Be2 exf5 32. Rxe8 Bxe8 33. Bxh5
Re7 34. Bxe8 Rxe8 35. Nxf5 Kd7 36. b3 Rf8 37. g4 Ke6 38. Ke3 Kf6 39. Kf4 Re8
40. f3 Re2 41. Ne3 Rd2 42. g5+ Kg6 43. c3 Rd3 44. Ng4 Rxc3 45. Ne5+ Kg7 46. Kf5
Rc2 47. f4 Rd2 48. Ke6 Rxd4 49. f5 Re4 50. f6+ Kf8 51. Kf5 Re1 52. g6 d4 53.
Nd7+ Ke8 54. f7+ Kxd7 55. g7 Rf1+ 56. Ke4 1-0

[Event "I Festival Capo d'Orso"]
[Site "Portomannu - Palau ITA"]
[Date "2007.05.21"]
[Round "3"]
[White "Antoniacci, Riccardo"]
[Black "Zoldan, Matteo"]
[Result "0-1"]
[WhiteElo "1995"]
[BlackElo "2121"]
[PlyCount "138"]
[EventDate "2007.05.19"]

1. e4 c5 2. Nf3 d6 3. d4 cxd4 4. Nxd4 Nf6 5. Nc3 e6 6. Be3 a6 7. a4 Nc6 8. Be2
Be7 9. O-O O-O 10. Nb3 b6 11. f4 Bb7 12. Bf3 Qc7 13. Qe1 Rab8 14. Qg3 Nd7 15.
Rf2 Na5 16. Bd4 Bf6 17. Bxf6 Nxf6 18. Nxa5 bxa5 19. Rb1 Bc6 20. e5 dxe5 21.
fxe5 Nd7 22. Bxc6 Qxc6 23. Re2 Rfc8 24. Qf4 Rb4 25. Qd2 Qb6+ 26. Kh1 Rxb2 27.
Rf1 Qc6 28. Qf4 Rf8 29. Ne4 Rxc2 30. Ree1 Nc5 31. Qf3 Nxe4 32. Rxe4 Rc1 33.
Ree1 Qxf3 34. gxf3 Rc4 35. f4 Rxa4 36. Ra1 Rxa1 37. Rxa1 Rc8 38. Rxa5 h5 39.
Kg2 Rc6 40. Kg3 Kh7 41. Ra4 Kg6 42. Rd4 Rc3+ 43. Kg2 Ra3 44. Rd7 a5 45. Rc7 h4
46. Rb7 a4 47. Ra7 f6 48. Re7 fxe5 49. fxe5 h3+ 50. Kf2 Kf5 51. Rxg7 Kxe5 52.
Rg4 Kf5 53. Rb4 e5 54. Rb8 Ke4 55. Rb4+ Kd5 56. Rb5+ Ke6 57. Rb4 Kf5 58. Rb8
Rb3 59. Rf8+ Ke4 60. Rh8 a3 61. Rh4+ Kf5 62. Rh5+ Ke6 63. Rh4 Kd5 64. Rh8 e4
65. Rd8+ Kc4 66. Rc8+ Kd3 67. Rd8+ Kc2 68. Ke2 a2 69. Rd2+ Kb1 0-1

[Event "I Festival Capo d'Orso"]
[Site "Portomannu - Palau ITA"]
[Date "2007.05.21"]
[Round "3"]
[White "Biedekoepper, Robert"]
[Black "Potyavin, Igor"]
[Result "1-0"]
[WhiteElo "2152"]
[BlackElo "2046"]
[PlyCount "99"]
[EventDate "2007.05.19"]

1. d4 Nf6 2. c4 e6 3. Nf3 d5 4. Nc3 c6 5. Bg5 dxc4 6. a4 Qa5 7. Bd2 Bb4 8. e4
O-O 9. Bxc4 e5 10. dxe5 Qxe5 11. Qe2 c5 12. h3 Nc6 13. O-O Nd4 14. Nxd4 cxd4
15. Nb1 Re8 16. Bd3 Bf5 17. Rc1 Qa5 18. Bxb4 Qxb4 19. Rc4 Qd6 20. f3 Be6 21.
Rc1 Qg3 22. Qf2 Qxf2+ 23. Kxf2 Rac8 24. Na3 a6 25. Rxc8 Rxc8 26. Nc2 Rd8 27. a5
Nd7 28. Nxd4 Nc5 29. Nxe6 fxe6 30. Be2 Rd2 31. b4 Nb3 32. Rd1 Rxd1 33. Bxd1 Nd4
34. Ba4 e5 35. Ke3 Kf7 36. Kd3 Ke6 37. Kc4 Kd6 38. f4 Ne6 39. fxe5+ Kxe5 40.
Bd7 Nd4 41. Bc8 Nb5 42. Kc5 Nd6 43. Bg4 Nxe4+ 44. Kb6 Kd4 45. Bf3 Nc3 46. Bxb7
Na2 47. Bxa6 Nxb4 48. Bb5 Kc3 49. Be2 h6 50. a6 1-0

[Event "I Festival Capo d'Orso"]
[Site "Portomannu - Palau ITA"]
[Date "2007.05.21"]
[Round "3"]
[White "Burlando, Alessandro"]
[Black "Adrian, Claude"]
[Result "1/2-1/2"]
[WhiteElo "2115"]
[BlackElo "2280"]
[PlyCount "49"]
[EventDate "2007.05.19"]

1. d4 e6 2. c4 Nf6 3. Nf3 c5 4. d5 exd5 5. cxd5 b5 6. e4 Nxe4 7. Bd3 Nd6 8. Bg5
Be7 9. Qe2 h6 10. Bh4 Bb7 11. Nc3 b4 12. Ne4 Nxe4 13. Qxe4 Kf8 14. d6 Bxh4 15.
Qxb7 Nc6 16. Nxh4 Rb8 17. Qc7 Qxh4 18. O-O Qd8 19. Be4 Qxc7 20. dxc7 Rc8 21.
Bxc6 dxc6 22. Rad1 g6 23. Rd7 Kg7 24. f4 Rhe8 25. Rc1 1/2-1/2

[Event "I Festival Capo d'Orso"]
[Site "Portomannu - Palau ITA"]
[Date "2007.05.21"]
[Round "3"]
[White "Busquets, Luis"]
[Black "Virzi, Ettore"]
[Result "1-0"]
[WhiteElo "2236"]
[BlackElo "1945"]
[PlyCount "81"]
[EventDate "2007.05.19"]

1. e4 e5 2. Nf3 Nc6 3. Bb5 a6 4. Ba4 Nf6 5. O-O b5 6. Bb3 Bc5 7. c3 d6 8. d4
Bb6 9. Re1 O-O 10. Bg5 h6 11. Bh4 g5 12. Nxg5 hxg5 13. Bxg5 exd4 14. Qf3 Kg7
15. Bd5 Ne5 16. Qxf6+ Qxf6 17. Bxf6+ Kxf6 18. Bxa8 Bh3 19. gxh3 Nf3+ 20. Kf1
Nxe1 21. Kxe1 Rxa8 22. Nd2 dxc3 23. bxc3 Rh8 24. Ke2 Rxh3 25. Nf3 Ba5 26. Rc1
Bb6 27. c4 b4 28. Rd1 a5 29. Rd3 a4 30. Kf1 Ke7 31. Kg2 Rh5 32. h4 Rc5 33. Nd2
b3 34. axb3 axb3 35. Rd5 Rxd5 36. cxd5 b2 37. Nb1 Kf6 38. f4 Kg6 39. Kf3 Kh5
40. e5 Kxh4 41. e6 1-0

[Event "I Festival Capo d'Orso"]
[Site "Portomannu - Palau ITA"]
[Date "2007.05.21"]
[Round "3"]
[White "Calabrese, Antonino"]
[Black "Mazzariol, Oscar"]
[Result "0-1"]
[WhiteElo "1930"]
[BlackElo "2018"]
[PlyCount "102"]
[EventDate "2007.05.19"]

1. e4 c5 2. Nf3 e6 3. d3 Nc6 4. Nbd2 d6 5. g3 g6 6. Bg2 Bg7 7. O-O Nge7 8. Re1
O-O 9. c3 b5 10. Nf1 Qb6 11. Bf4 Rd8 12. e5 Bb7 13. exd6 Nd5 14. Qd2 Nxf4 15.
Qxf4 e5 16. Nxe5 Nxe5 17. Bxb7 Qxb7 18. Rxe5 Bxe5 19. Qxe5 Qc6 20. Rd1 Rxd6 21.
Ne3 Re8 22. Qg5 f6 23. Qg4 Kf7 24. d4 cxd4 25. Rxd4 Red8 26. Nc2 Rxd4 27. Nxd4
Qd5 28. a3 Re8 29. Qf3 Qxf3 30. Nxf3 Re2 31. b3 Ra2 32. Nd4 a6 33. Kf1 Rxa3 34.
Ke2 Ke7 35. Kd3 Ra1 36. h4 h5 37. b4 Kd6 38. f4 f5 39. Ke3 Kd5 40. Nf3 Kc4 41.
Ne5+ Kxc3 42. Nxg6 Kxb4 43. Kd4 Re1 44. Ne5 Re4+ 45. Kd5 Kc3 46. g4 Rxf4 47. g5
Rxh4 48. g6 Rh3 49. Ke6 Rg3 50. Kf6 b4 51. Nf7 Rxg6+ 0-1

[Event "I Festival Capo d'Orso"]
[Site "Portomannu - Palau ITA"]
[Date "2007.05.21"]
[Round "3"]
[White "Chiarotto, Filippo"]
[Black "Baracca, Paolo"]
[Result "1-0"]
[WhiteElo "2056"]
[BlackElo "1894"]
[PlyCount "65"]
[EventDate "2007.05.19"]

1. e4 c5 2. Nc3 Nc6 3. Nge2 g6 4. g3 Bg7 5. Bg2 d6 6. O-O e6 7. d3 Nge7 8. Be3
O-O 9. Qd2 Nd4 10. f4 Rb8 11. Nd1 b6 12. c3 Nxe2+ 13. Qxe2 Ba6 14. Nf2 d5 15.
e5 Nf5 16. Bd2 h5 17. Rfe1 Re8 18. Rad1 Qd7 19. Bc1 Qb5 20. g4 hxg4 21. Nxg4
Qa5 22. Bh3 b5 23. Qf2 Qb6 24. Nf6+ Bxf6 25. exf6 Qd6 26. Re5 Rbd8 27. Rde1 Qf8
28. Bxf5 exf5 29. Qh4 d4 30. cxd4 cxd4 31. Bd2 Rxe5 32. fxe5 b4 33. Bh6 1-0

[Event "I Festival Capo d'Orso"]
[Site "Portomannu - Palau ITA"]
[Date "2007.05.21"]
[Round "3"]
[White "Cocchi, Andrea"]
[Black "Locci, Damiano"]
[Result "1-0"]
[WhiteElo "2321"]
[BlackElo "2008"]
[PlyCount "61"]
[EventDate "2007.05.19"]

1. Nf3 d5 2. d4 Nf6 3. c4 c6 4. e3 e6 5. Nbd2 Nbd7 6. Bd3 Be7 7. Qc2 O-O 8. O-O
Re8 9. b3 Qc7 10. Bb2 Bf8 11. Ne5 g6 12. f4 Bg7 13. Ndf3 Nxe5 14. fxe5 Ng4 15.
Rae1 Qe7 16. e4 Bd7 17. Bc1 Rf8 18. h3 dxe4 19. Rxe4 f5 20. exf6 Nxf6 21. Rh4
Nh5 22. Bg5 Bf6 23. Bxf6 Qxf6 24. Rg4 Ng7 25. Ne5 Qe7 26. Re1 Be8 27. Rge4 Nf5
28. g4 Nh4 29. Qe2 Qf6 30. Qe3 Qg5 31. Qxg5 1-0

[Event "I Festival Capo d'Orso"]
[Site "Portomannu - Palau ITA"]
[Date "2007.05.21"]
[Round "3"]
[White "Dehmel, Jens"]
[Black "Naumkin, Igor"]
[Result "0-1"]
[WhiteElo "2107"]
[BlackElo "2497"]
[PlyCount "74"]
[EventDate "2007.05.19"]

1. e4 e6 2. d4 d5 3. Nc3 Nf6 4. e5 Nfd7 5. f4 c5 6. Nf3 Nc6 7. Be3 cxd4 8. Nxd4
Bc5 9. Qd2 a6 10. O-O-O Nxd4 11. Bxd4 Qc7 12. Qf2 b5 13. Kb1 O-O 14. Bd3 Bxd4
15. Qxd4 Bb7 16. Rhe1 Qc5 17. Ne2 b4 18. Rc1 Qxd4 19. Nxd4 Rfc8 20. c3 bxc3 21.
Rxc3 Rxc3 22. bxc3 Rc8 23. Kc2 Rc7 24. Rb1 h6 25. h4 Kf8 26. g4 g5 27. Nf3 gxf4
28. Rb4 d4 29. Nxd4 Nxe5 30. g5 hxg5 31. hxg5 Kg7 32. Rb1 Nxd3 33. Kxd3 Kg6 34.
Rg1 Bd5 35. Nb3 e5 36. Nd2 Rd7 37. c4 Bxc4+ 0-1

[Event "I Festival Capo d'Orso"]
[Site "Portomannu - Palau ITA"]
[Date "2007.05.21"]
[Round "3"]
[White "Djuric, Stefan"]
[Black "Seger, Ruediger"]
[Result "1-0"]
[WhiteElo "2460"]
[BlackElo "2399"]
[PlyCount "105"]
[EventDate "2007.05.19"]

1. e4 c6 2. Nc3 d5 3. Nf3 Bg4 4. h3 Bh5 5. Be2 e6 6. O-O Nf6 7. Ne5 Bxe2 8.
Qxe2 Be7 9. d4 O-O 10. Rd1 Nbd7 11. Nxd7 Nxd7 12. Bf4 b5 13. a4 b4 14. Na2 dxe4
15. Qxe4 Nf6 16. Qe2 Nd5 17. Be5 Bd6 18. Nc1 Bxe5 19. Qxe5 a5 20. Nb3 Qe7 21.
Rd3 Rfd8 22. Rg3 Qf8 23. Nc5 Ne7 24. Rf3 Rd5 25. Qe2 Qd8 26. c3 bxc3 27. bxc3
Rb8 28. Re1 Ng6 29. g3 e5 30. Qa6 exd4 31. cxd4 Rxd4 32. Qa7 Rd1 33. Qxf7+ Kh8
34. Rfe3 Rxe1+ 35. Rxe1 Qf8 36. Qxf8+ Nxf8 37. Re7 Kg8 38. Ra7 Re8 39. Rxa5 Re5
40. Kg2 h6 41. Nb3 Re4 42. Ra8 Kf7 43. Nc5 Rc4 44. Nb7 Ke7 45. Re8+ Kxe8 46.
Nd6+ Kd7 47. Nxc4 Ne6 48. Kf3 Nc5 49. a5 Ke6 50. h4 Kd5 51. Ne3+ Ke5 52. h5 Na6
53. Ke2 1-0

[Event "I Festival Capo d'Orso"]
[Site "Portomannu - Palau ITA"]
[Date "2007.05.21"]
[Round "3"]
[White "Fierro Baquero, Martha Lorena"]
[Black "Ibba, Isacco"]
[Result "1-0"]
[WhiteElo "2339"]
[BlackElo "2203"]
[PlyCount "103"]
[EventDate "2007.05.19"]

1. e4 d5 2. exd5 Qxd5 3. Nc3 Qa5 4. Bc4 Bf5 5. Qf3 c6 6. Nge2 e6 7. O-O Nf6 8.
Nd4 Bg4 9. Qe3 Bd6 10. h3 Qe5 11. f4 Qxe3+ 12. dxe3 Bf5 13. g4 Bg6 14. f5 exf5
15. Nxf5 Bf8 16. e4 Nbd7 17. Bf4 h5 18. g5 Nxe4 19. Nxe4 Bxf5 20. Bc7 Be6 21.
Rae1 Bc5+ 22. Nxc5 Nxc5 23. g6 O-O 24. gxf7+ Rxf7 25. Rxe6 Rxf1+ 26. Kxf1 Nxe6
27. Bxe6+ Kh7 28. h4 Re8 29. Bc4 g6 30. Bd3 c5 31. Bg3 a6 32. a4 Re6 33. Kf2 b5
34. axb5 axb5 35. Bxb5 Rb6 36. c4 Rf6+ 37. Ke3 Re6+ 38. Kd3 Rf6 39. Ke4 Rf1 40.
Bf4 Rd1 41. Be3 Re1 42. Kf4 Rf1+ 43. Kg3 Rf5 44. Bc6 Rf6 45. Bd5 Rb6 46. Bxc5
Rxb2 47. Kf4 Rb1 48. Be7 Re1 49. Bf6 Rf1+ 50. Ke5 Re1+ 51. Kd6 g5 52. Bxg5 1-0

[Event "I Festival Capo d'Orso"]
[Site "Portomannu - Palau ITA"]
[Date "2007.05.21"]
[Round "3"]
[White "Giani, Franco"]
[Black "Garofalo, Sergio"]
[Result "0-1"]
[WhiteElo "2023"]
[BlackElo "1812"]
[PlyCount "84"]
[EventDate "2007.05.19"]

1. e3 b6 2. d4 Bb7 3. c4 g6 4. Nc3 Bg7 5. Nf3 e6 6. Be2 Ne7 7. O-O d6 8. e4 Nd7
9. Be3 O-O 10. Qd2 Re8 11. Rad1 d5 12. Bd3 Nf6 13. e5 Ne4 14. Qc2 Nxc3 15. bxc3
dxc4 16. Bxc4 Bxf3 17. gxf3 Nf5 18. Qc1 Qh4 19. Be2 Qh3 20. Kh1 Nh4 21. Rg1
Nxf3 22. Rg2 f6 23. Bf4 fxe5 24. Bg3 Rf8 25. Qe3 exd4 26. cxd4 Nh4 27. Rgg1
Rae8 28. Qc3 c5 29. Rd3 cxd4 30. Qb3 Rf7 31. Qb5 Ref8 32. Bd6 Nf3 33. Rg2 Rc8
34. Qb1 Bh6 35. Ba3 Rc3 36. Bb2 Rxd3 37. Qxd3 Qxg2+ 38. Kxg2 Ne1+ 39. Kg3 Nxd3
40. Bxd3 Bf4+ 41. Kg2 Rc7 42. Kf3 Bxh2 0-1

[Event "I Festival Capo d'Orso"]
[Site "Portomannu - Palau ITA"]
[Date "2007.05.21"]
[Round "3"]
[White "Jones, Alessandro"]
[Black "Gangemi, Salvatore"]
[Result "1-0"]
[WhiteElo "1962"]
[BlackElo "2063"]
[PlyCount "103"]
[EventDate "2007.05.19"]

1. d4 Nf6 2. Nf3 d5 3. e3 c6 4. Bd3 Bg4 5. c4 Bxf3 6. Qxf3 e6 7. O-O Nbd7 8.
Nc3 Bd6 9. e4 dxe4 10. Nxe4 Nxe4 11. Bxe4 Qh4 12. g3 Qf6 13. Bxc6 bxc6 14. Qxc6
Ke7 15. c5 Bxc5 16. dxc5 Rhc8 17. Qd6+ Ke8 18. b4 Ne5 19. Bf4 Ng6 20. Be3 Rd8
21. Qc6+ Kf8 22. Rfd1 Ne7 23. Qe4 Nd5 24. Bd4 Qg6 25. Qxg6 hxg6 26. a3 a6 27.
Be5 f6 28. Bd6+ Ke8 29. Rdc1 Kd7 30. Rab1 Nc7 31. a4 e5 32. Rd1 Kc6 33. Bxc7
Kxc7 34. Kf1 Kc6 35. Rxd8 Rxd8 36. Ke2 Rd4 37. Ke3 g5 38. f4 gxf4+ 39. gxf4
Rxf4 40. b5+ axb5 41. axb5+ Kd5 42. c6 Re4+ 43. Kf3 Rc4 44. b6 e4+ 45. Ke3 Rc3+
46. Kd2 Rd3+ 47. Ke2 Kxc6 48. b7 Rd8 49. b8=Q Rxb8 50. Rxb8 f5 51. Rg8 Kd5 52.
Rxg7 1-0

[Event "I Festival Capo d'Orso"]
[Site "Portomannu - Palau ITA"]
[Date "2007.05.21"]
[Round "3"]
[White "Kekki, Petri"]
[Black "Doggers, Peter"]
[Result "1-0"]
[WhiteElo "2366"]
[BlackElo "2247"]
[PlyCount "81"]
[EventDate "2007.05.19"]

1. d4 Nf6 2. Nf3 g6 3. g3 Bg7 4. Bg2 O-O 5. O-O d6 6. c4 Nbd7 7. Nc3 e5 8. e4
exd4 9. Nxd4 Re8 10. h3 Nc5 11. Re1 a5 12. Rb1 c6 13. Bf4 Nh5 14. Be3 Nf6 15.
Qc2 Bd7 16. Rbd1 Qc8 17. Kh2 Re5 18. f3 Rh5 19. h4 h6 20. Kg1 Qc7 21. Qf2 Rd8
22. Nb3 Be6 23. Bxc5 dxc5 24. Rxd8+ Qxd8 25. e5 Nd7 26. f4 g5 27. Qe2 g4 28.
Ne4 Qb6 29. Nd6 a4 30. Nc1 Nxe5 31. b3 axb3 32. axb3 Qb4 33. Rd1 Qc3 34. Ne4
Qa5 35. fxe5 Bxe5 36. Nd3 Bd4+ 37. Kh1 Qd8 38. Nf4 Rxh4+ 39. gxh4 Qxh4+ 40. Bh3
Be5 41. Qf2 1-0

[Event "I Festival Capo d'Orso"]
[Site "Portomannu - Palau ITA"]
[Date "2007.05.21"]
[Round "3"]
[White "Marin, Mihail"]
[Black "Mogranzini, Roberto"]
[Result "1/2-1/2"]
[WhiteElo "2533"]
[BlackElo "2421"]
[PlyCount "85"]
[EventDate "2007.05.19"]

1. c4 Nf6 2. Nc3 g6 3. g3 Bg7 4. Bg2 O-O 5. d4 d6 6. Nf3 Nc6 7. O-O Bf5 8. b3
Ne4 9. Bb2 Nxc3 10. Bxc3 Be4 11. Qd2 d5 12. Rfd1 e6 13. Rac1 a5 14. Qb2 Qe7 15.
Ne5 Bxg2 16. Nxc6 bxc6 17. Kxg2 a4 18. b4 a3 19. Qb3 Rfb8 20. Rd3 Qd7 21. Bd2
Bf8 22. Rc2 Ra7 23. c5 Bg7 24. Bc1 Rba8 25. Qc3 Qc8 26. Qd2 e5 27. dxe5 Bxe5
28. Rb3 Ra4 29. Qd3 Qg4 30. h3 Qd4 31. Qxd4 Bxd4 32. Rd2 Bb2 33. Bxb2 axb2 34.
Rbxb2 Rb8 35. Rd4 Rba8 36. e4 dxe4 37. Rxe4 Rxa2 38. Rxa2 Rxa2 39. Re8+ Kg7 40.
Rc8 Ra7 41. Rb8 h5 42. Kf3 Kf6 43. h4 1/2-1/2

[Event "I Festival Capo d'Orso"]
[Site "Portomannu - Palau ITA"]
[Date "2007.05.21"]
[Round "3"]
[White "Moos, Gerd Anton Ferdinand"]
[Black "Diotallevi, Maurizio"]
[Result "0-1"]
[WhiteElo "2064"]
[BlackElo "2137"]
[PlyCount "42"]
[EventDate "2007.05.19"]

1. e4 e6 2. d4 d5 3. Nd2 c5 4. Ngf3 cxd4 5. Nxd4 Nc6 6. Bb5 Bd7 7. Nxc6 Bxc6 8.
Bxc6+ bxc6 9. c4 Nf6 10. Qa4 Qd7 11. e5 Ng4 12. Nf3 h5 13. h3 Nh6 14. Bxh6 Rxh6
15. Nd4 Rc8 16. Rc1 Qb7 17. O-O Kd8 18. cxd5 exd5 19. e6 c5 20. exf7 Qxf7 21.
Nc6+ Rhxc6 0-1

[Event "I Festival Capo d'Orso"]
[Site "Portomannu - Palau ITA"]
[Date "2007.05.21"]
[Round "3"]
[White "Nickel, Arno"]
[Black "Mercandelli, Claudio"]
[Result "1-0"]
[WhiteElo "2101"]
[BlackElo "1988"]
[PlyCount "87"]
[EventDate "2007.05.19"]

1. Nf3 Nc6 2. d4 d5 3. Bf4 Bg4 4. Nbd2 Nf6 5. h3 Bf5 6. a3 e6 7. e3 a6 8. c4
Be7 9. Rc1 O-O 10. Be2 Rc8 11. cxd5 exd5 12. Qb3 Na5 13. Qa2 c5 14. dxc5 Bxc5
15. O-O Ba7 16. b4 Nc6 17. Rfd1 d4 18. Nb3 Ne4 19. Qa1 Qf6 20. Nbxd4 Nxd4 21.
Nxd4 Bg6 22. Bf3 Rfd8 23. Rxc8 Rxc8 24. Ne2 Qxa1 25. Rxa1 Rc2 26. Rc1 Rxc1+ 27.
Nxc1 Kf8 28. Nb3 Ke7 29. Kf1 Kd7 30. Be5 f6 31. Bb2 Kc7 32. Ke2 Bb6 33. Nd4 Kd7
34. Bg4+ Ke7 35. Nf5+ Kf7 36. Nh4 Nd6 37. Nxg6 Kxg6 38. Kd3 Kf7 39. Bd1 Ke6 40.
Bb3+ Kd7 41. g4 h6 42. Bd5 Kc7 43. f4 Kd7 44. e4 1-0

[Event "I Festival Capo d'Orso"]
[Site "Portomannu - Palau ITA"]
[Date "2007.05.21"]
[Round "3"]
[White "Ortega, Lexy"]
[Black "Friedrich, Norbert"]
[Result "1-0"]
[WhiteElo "2425"]
[BlackElo "2317"]
[PlyCount "89"]
[EventDate "2007.05.19"]

1. d4 d5 2. Bf4 Nf6 3. e3 c5 4. c3 Qb6 5. Qb3 c4 6. Qc2 g6 7. Nd2 Bf5 8. Qc1
Nbd7 9. h3 Bg7 10. Ngf3 h6 11. Be2 Rc8 12. O-O O-O 13. Re1 Qc6 14. Nh4 Be4 15.
Bh2 e6 16. Nhf3 b5 17. Ne5 Nxe5 18. Bxe5 g5 19. Nxe4 Nxe4 20. Bh2 f5 21. f3 Nd6
22. Bd1 Rce8 23. a4 a6 24. axb5 axb5 25. Ra7 Nc8 26. Rc7 Qb6 27. Bc2 b4 28. Qd2
b3 29. Bb1 Nd6 30. Rd7 Nb5 31. Rxg7+ Kxg7 32. h4 Qd8 33. Be5+ Kg8 34. hxg5 hxg5
35. e4 Nd6 36. exd5 exd5 37. g4 Nf7 38. gxf5 Qb6 39. f6 Qb7 40. f4 Qd7 41. Qg2
g4 42. Kf2 Nd6 43. Qxd5+ Qe6 44. Qh1 Rf7 45. Qh4 1-0

[Event "I Festival Capo d'Orso"]
[Site "Portomannu - Palau ITA"]
[Date "2007.05.21"]
[Round "3"]
[White "Pantaleoni, Claudio"]
[Black "Rombaldoni, Denis"]
[Result "1/2-1/2"]
[WhiteElo "2219"]
[BlackElo "2368"]
[PlyCount "106"]
[EventDate "2007.05.19"]

1. d4 Nf6 2. c4 e6 3. Nf3 b6 4. g3 Ba6 5. Qc2 Bb7 6. Bg2 c5 7. d5 exd5 8. cxd5
Nxd5 9. O-O Be7 10. Rd1 Nc6 11. Nc3 Nf6 12. e4 O-O 13. e5 Ne8 14. a3 Nc7 15.
Be3 f6 16. Bh3 fxe5 17. Rxd7 Rxf3 18. Rxd8+ Rxd8 19. Bg2 Rf6 20. Ne4 Rff8 21.
Ng5 Bxg5 22. Bxg5 Nd4 23. Qc4+ Bd5 24. Bxd5+ Rxd5 25. Kg2 h6 26. Be3 b5 27. Qd3
c4 28. Qg6 Rf6 29. Qe4 Nb3 30. Rf1 a6 31. h4 Kf7 32. Kh3 Kg8 33. f4 Nd2 34.
Bxd2 Rxd2 35. Qxe5 Nd5 36. Re1 Rd3 37. f5 Kh7 38. Re4 Rf7 39. Rd4 Rxd4 40. Qxd4
Rxf5 41. Qe4 g6 42. g4 Nf4+ 43. Kg3 Rf7 44. h5 Kg7 45. Qe5+ Rf6 46. Qe7+ Rf7
47. Qe5+ Rf6 48. a4 bxa4 49. hxg6 Nxg6 50. Qc7+ Kf8 51. Qxc4 Ne7 52. Qxa4 Kf7
53. Qc4+ Kf8 1/2-1/2